000 01056nam a22002537a 4500
999 _c64378
_d64378
005 20240530110728.0
008 150331s2007 ua adk g 000 0 ara d
017 _a2007/2223
_bمصر . دار الكتب المصرية
020 _a9774084365
040 _aEG-CaGPL
082 0 4 _221
_a005.3\
_bك م
100 1 _aكاوفيلد ، جون
245 1 0 _aمايكروسوفت اوفيس اكسيس 2007 فورداميز /
_cتاليف جون كاوفيلد ، كين كوك ؛ الترجمة باعتماد خالد العامرى
250 _aط1
260 _aالقاهرة :
_bدار الفاروق للاستثمارات الثقافية ،
_c2007 .
300 _a480 ص. :
_bايض. ؛
_c24 سم.
650 0 4 _aالحاسبات الالكترونية
_xبرامج
650 0 4 _aاكسيس 2007 ( برنامج حاسبات )
650 0 4 _aنظم المعلومات
700 1 _aكوك ، كين
_eمؤلف مشارك
700 0 _aخالد العامرى
_eمترجم
942 _2ddc
_cBK